最近二十年史
Bewaard in:
| Coauteur: | |
|---|---|
| Formaat: | Boek |
| Taal: | Undetermined |
| Gepubliceerd in: |
大阪
日本アルミニウム工業
1971
|
| Onderwerpen: | |
| Tags: |
Voeg label toe
Geen labels, Wees de eerste die dit record labelt!
|
| Thư viện lưu trữ: | Trung tâm Học liệu Trường Đại học Cần Thơ |
|---|
| LEADER | 00543nam a2200193Ia 4500 | ||
|---|---|---|---|
| 001 | CTU_86962 | ||
| 008 | 210402s9999 xx 000 0 und d | ||
| 082 | |a 338.8 | ||
| 082 | |b N691 | ||
| 110 | |a 日本アルミニウム工業株式会社 | ||
| 245 | 0 | |a 最近二十年史 | |
| 245 | 0 | |c 日本アルミニウム工業株式会社 | |
| 260 | |a 大阪 | ||
| 260 | |b 日本アルミニウム工業 | ||
| 260 | |c 1971 | ||
| 650 | |a Corporations | ||
| 650 | |x Japan | ||
| 904 | |i Ngoc | ||
| 980 | |a Trung tâm Học liệu Trường Đại học Cần Thơ | ||